| 000 | 00529nam a22001817a 4500 | ||
|---|---|---|---|
| 999 |
_c124385 _d124385 |
||
| 005 | 20211020113014.0 | ||
| 008 | 211020b ||||| |||| 00| 0 eng d | ||
| 020 | _a9789811563737 | ||
| 040 | _cPK-LaUMT | ||
| 082 |
_a004.678 _bINT- |
||
| 245 |
_aInternet of things integrated augmented reality / _cby Gitamka;o Rahul Shinde . . .[et al.] |
||
| 260 |
_aSingapore : _bSpringer, _c2021 |
||
| 300 | _a78 p. | ||
| 650 | _aInternet of things | ||
| 650 | _aAugmented reality | ||
| 650 | _aComputational intelligence | ||
| 942 | _cBK | ||